• 首页
  • 本馆介绍
  • 公告通知
  • 最新文献
  • 馆藏检索
  • 电子资源
  • 读者导购
  • 参考咨询
  • 我的图书馆
  • 登录
  • 详细信息显示
  • 放入我的书架
  • 预约/预借图书
  • 作者相关作品
  • 分类相关作品
  • 丛书相关作品
  • 出版社相关作品

书目信息

  • 表格格式
  • 工作单格式
  • 卡片格式
题名:
殷周时代的中国社会
    
 
作者: 吕振羽 著
分册:  
出版信息: 北京   三联书店  1962
页数: 298页
开本: 20cm
丛书名:
单 册:
中图分类: K224.07 , K221
科图分类:
主题词: 史评--中国--殷周时代
电子资源:
ISBN:
000 00625nam0 2200229 450
001 1548914642
005 20150128075840.15
010    @dCNY1.00
091    @a11002.307
100    @a19950724e19791962em y0chiy0110 ea
101 0  @achi
102    @aCN@b110000
105    @ay z 000yy
200 1  @a殷周时代的中国社会@Ayin zhou shi dai de zhong guo she hui@f吕振羽著
210    @a北京@c三联书店@d1962@h1979重印
215    @a298页@d20cm
606 0  @a史评@y中国@z殷周时代
690    @aK224.07@v3
690    @aK221@v4
701  0 @a吕振羽@Alv zhen yu@f(1900~1980)@4著
801  0 @aCN@bTSSF@c20150128
905    @aZUCC@dK221@eJY4
    
    殷周时代的中国社会/吕振羽著.-北京:三联书店,1962(1979重印)
    298页;20cm
    
    
    ISBN :CNY1.00
    
●
相关链接 在E读中查询图书 在五车中查询图书 在当当中查询图书 在豆瓣中查询图书


正题名:殷周时代的中国社会     索取号:K221/JY4         预约/预借

序号 登录号 条形码 馆藏地/架位号 状态 备注
1 7856257   278562574   学院路分馆/ [索取号:K221/JY4] 在馆    
2 7856258   278562583   学院路分馆/ [索取号:K221/JY4] 在馆    
唐山师范学院图书馆 欢迎您!
大连网信软件有限公司© 版权所有